000 00827nam a22002897a 4500
001 5039
003 FISKH
005 20250815123551.0
008 241101b cb ||||| |||| 00| 0 eng d
020 _a0439051533
040 _aFISKH
_beng
_cFISKH
_dFISKH
050 _aPZ7.S52865
082 _a813.6
100 _aShannon, David
_d(1959-)
245 _aThe rain came down /
_cDavid Shannon
250 _aFirst paperback printing in 2002
260 _aNew York :
_bScholastic,
_c2002.
300 _a30 pages :
_bColor illustrations ;
_c23 cm
505 _aN
520 _aAn unexpected rain shower causes quarreling among the members of a small community.
521 8 _a550
_bLexile
521 8 _aN
_bRaz-Plus
650 _2Fiction
_aSpring
650 _2Weather
_aRain
942 _2ddc
_cBK
_n0
999 _c5039
_d5039